Ween - Pumpin 4 The Man Lyrics - Statistics

General Stats
  • This quiz has been taken 4 times
  • The average score is 213 of 250
Answer Stats
Answer % Correct
A
100%
About
100%
All
100%
An
100%
And
100%
As
100%
Ass
100%
At
100%
Bad
100%
Buck
100%
Bustin
100%
But
100%
Could
100%
Do
100%
Down
100%
Dump
100%
Em
100%
Fingers
100%
For
100%
Fuck
100%
Fucker
100%
Fuckin
100%
Gas
100%
Get
100%
Gonna
100%
Good
100%
Hoo
100%
Hope
100%
How
100%
I
100%
It
100%
Its
100%
Jump
100%
Life
100%
Main
100%
Make
100%
Man
100%
Me
100%
Needs
100%
New
100%
On
100%
Other
100%
Out
100%
Piss
100%
Poor
100%
Pump
100%
Same
100%
Shit
100%
So
100%
Some
100%
Stick
100%
Street
100%
Sucks
100%
That
100%
The
100%
Then
100%
Think
100%
To
100%
Up
100%
Well
100%
What
100%
When
100%
Who
100%
Woo
100%
Workin
100%
Worth
100%
You
100%
Your
100%
Be
67%
Before
67%
Bitch
67%
Cause
67%
Check
67%
Dirty
67%
Dishes
67%
Dont
67%
End
67%
Filthy
67%
Fire
67%
Five
67%
From
67%
Fucked
67%
Gotta
67%
Hell
67%
Horny
67%
Hour
67%
In
67%
Know
67%
Ladies
67%
Leave
67%
Like
67%
Look
67%
Looks
67%
Loser
67%
Mile
67%
Nine
67%
No
67%
Off
67%
Office
67%
One
67%
Pissed
67%
Probably
67%
Pumps
67%
Read
67%
Real
67%
Rude
67%
Shop
67%
Smells
67%
Sweep
67%
Their
67%
Walk
67%
Wants
67%
Wash
67%
Works
67%
Youre
67%
Best
33%
Can
33%
Choose
33%
Drop
33%
Expect
33%
Fix
33%
Help
33%
If
33%
I'm
33%
Oil
33%
Rain
33%
Sometimes
33%
Woman
33%
Birth
0%
Gave
0%
Gift
0%
God
0%
Hurricane
0%
Melinda
0%
Oh
0%
Tire
0%
No matching quizzes found
Score Distribution
Percent of People with Each Score
Percentile by Number Answered
Your Score History
You have not taken this quiz